[Event "CRO Cup"]
[Site "Mali Losinj"]
[Date "2019.05.18"]
[Round "5.143"]
[White "Miskovic, Bozo"]
[Black "Muraja, Zeljko"]
[Result "1-0"]
[WhiteElo "1967"]
[BlackElo "1749"]
[PlyCount "97"]
[EventDate "2019.05.15"]
[EventType "team-swiss"]
[EventRounds "6"]
[EventCountry "CRO"]
[SourceTitle "CBM 190 Extra"]
[Source "ChessBase"]
[SourceDate "2019.07.15"]
[SourceVersion "1"]
[SourceVersionDate "2019.07.15"]
[SourceQuality "1"]
[WhiteTeam "Omis"]
[BlackTeam "Nova Gradiska Strmac"]
[WhiteTeamCountry "CRO"]
[BlackTeamCountry "CRO"]

1. e4 d5 2. exd5 Qxd5 3. Nc3 Qd8 4. Bc4 e6 5. Nf3 Bd6 6. d3 h6 7. Ne4 Bb4+ 8. c3 Bd6 9. 0-0 Nf6 10. Nxd6+ Qxd6 11. Re1 Nc6 12. d4 Ne7 13. Ne5 0-0 14. Bf4 Qd8 15. Qf3 Ned5 16. Bd2 c6 17. Qg3 Nh5 18. Qg4 Nhf6 19. Qg3 Nh5 20. Qf3 Nhf6 21. Be3 Nd7 22. Qg3 Kh8 23. Qh3 Kg8 24. Bxh6 g6 25. Bxf8 Qxf8 26. Re4 Qg7 27. Nxd7 Bxd7 28. Qg3 Nf6 29. Re2 Be8 30. Qc7 Nd5 31. Qxb7 Rd8 32. Qxa7 Qf6 33. Qa5 Rd6 34. Ree1 Qh4 35. Bf1 Nf6 36. Qe5 Rd5 37. Qg3 Qh6 38. Re5 Nh5 39. Qe3 Qg7 40. Rxd5 cxd5 41. Qe5 Qh6 42. a4 Qd2 43. Qe2 Qg5 44. a5 Nf4 45. Qf3 e5 46. g3 Ne6 47. Qe3 Qf5 48. Qxe5 Qc2 49. Qe2 1-0

[Event "CRO Cup"]
[Site "Mali Losinj"]
[Date "2018.05.20"]
[Round "6.143"]
[White "Marjancevic, Slavko"]
[Black "Muraja, Zeljko"]
[Result "1-0"]
[WhiteElo "2023"]
[BlackElo "1722"]
[PlyCount "53"]
[EventDate "2018.05.16"]
[EventType "team-swiss"]
[EventRounds "6"]
[EventCountry "CRO"]
[SourceTitle "CBM 184 Extra"]
[Source "ChessBase"]
[SourceDate "2018.06.28"]
[SourceVersion "1"]
[SourceVersionDate "2018.06.28"]
[SourceQuality "1"]
[WhiteTeam "Belisce"]
[BlackTeam "Nova Gradiska Strmac"]
[WhiteTeamCountry "CRO"]
[BlackTeamCountry "CRO"]

1. e4 e5 2. Nf3 d6 3. h3 Nc6 4. Bb5 Bd7 5. 0-0 a6 6. Ba4 Nf6 7. Re1 Be7 8. c3 Na7 9. Bb3 Be6 10. d4 exd4 11. cxd4 d5 12. Nc3 c6 13. Ng5 0-0 14. Qc2 h6 15. exd5 cxd5 16. Nxe6 fxe6 17. Rxe6 Kh8 18. Qg6 Qe8 19. Qxe8 Raxe8 20. Be3 Bd8 21. Rxe8 Rxe8 22. Nxd5 Nb5 23. Rc1 Nd6 24. g4 Nxd5 25. Bxd5 Kh7 26. a4 Re7 27. Bf4 1-0

[Event "CRO Cup"]
[Site "Mali Losinj"]
[Date "2018.05.18"]
[Round "4.143"]
[White "Horina, Miroslav"]
[Black "Muraja, Zeljko"]
[Result "1/2-1/2"]
[WhiteElo "1851"]
[BlackElo "1722"]
[PlyCount "59"]
[EventDate "2018.05.16"]
[EventType "team-swiss"]
[EventRounds "6"]
[EventCountry "CRO"]
[SourceTitle "CBM 184 Extra"]
[Source "ChessBase"]
[SourceDate "2018.06.28"]
[SourceVersion "1"]
[SourceVersionDate "2018.06.28"]
[SourceQuality "1"]
[WhiteTeam "Garesnica"]
[BlackTeam "Nova Gradiska Strmac"]
[WhiteTeamCountry "CRO"]
[BlackTeamCountry "CRO"]

1. e4 d5 2. exd5 Qxd5 3. Nc3 Qd8 4. Nf3 Bf5 5. Bc4 e6 6. 0-0 Nf6 7. Ne2 Bd6 8. Ng3 Bg6 9. d4 c6 10. c3 0-0 11. Re1 Nbd7 12. Ng5 h6 13. N5e4 Bc7 14. Nxf6+ Nxf6 15. Be3 Nd5 16. Qf3 Qh4 17. Bd2 Rad8 18. Bd3 Bxd3 19. Qxd3 Qe7 20. Qf3 Qf6 21. Qh5 Nf4 22. Bxf4 Qxf4 23. Re4 Qd2 24. Re2 Qf4 25. Rae1 Rd5 26. Qh3 Qf6 27. Qg4 Bxg3 28. Qxg3 Rfd8 29. Re5 Rxe5 30. Qxe5 1/2-1/2

[Event "CRO Cup"]
[Site "Mali Losinj"]
[Date "2018.05.16"]
[Round "1.143"]
[White "Muraja, Zeljko"]
[Black "Nemec, Vjekoslav"]
[Result "0-1"]
[WhiteElo "1722"]
[BlackElo "2202"]
[PlyCount "158"]
[EventDate "2018.05.16"]
[EventType "team-swiss"]
[EventRounds "6"]
[EventCountry "CRO"]
[SourceTitle "CBM 184 Extra"]
[Source "ChessBase"]
[SourceDate "2018.06.28"]
[SourceVersion "1"]
[SourceVersionDate "2018.06.28"]
[SourceQuality "1"]
[WhiteTeam "Nova Gradiska Strmac"]
[BlackTeam "Busevec Polet"]
[WhiteTeamCountry "CRO"]
[BlackTeamCountry "CRO"]

1. d4 g6 2. c4 Bg7 3. Nc3 d6 4. Nf3 Nd7 5. g3 e5 6. Bg2 Ne7 7. dxe5 dxe5 8. Qc2 0-0 9. 0-0 c6 10. b3 Nf5 11. e3 h5 12. Bb2 Qe7 13. Ne4 h4 14. g4 Nh6 15. h3 f5 16. gxf5 gxf5 17. Nc3 e4 18. Nh2 Ne5 19. Ne2 Kh8 20. Nf4 Qf7 21. Qe2 Kh7 22. Rab1 Be6 23. Qh5 Qxh5 24. Nxh5 Bh8 25. Nf4 Bg8 26. Kh1 Rad8 27. Rfd1 Rfe8 28. Bf1 Nhf7 29. Be2 Ng5 30. Kg2 Bf7 31. Ba1 Ne6 32. Nxe6 Bxe6 33. Rxd8 Rxd8 34. Rd1 Rxd1 35. Bxd1 Nd3 36. Bxh8 Kxh8 37. f3 b5 38. cxb5 cxb5 39. Be2 Nc1 40. Bxb5 Nxa2 41. Bc4 Bxc4 42. bxc4 a5 43. Nf1 a4 44. Nd2 Nc3 45. c5 a3 46. c6 Nd5 47. fxe4 fxe4 48. Kf2 Kg7 49. Ke2 a2 50. Nb3 Kf6 51. Kd2 Ke5 52. Kc2 Nxe3+ 53. Kb2 Nd5 54. Kxa2 Nb4+ 55. Kb2 Nxc6 56. Kc1 Nd4 57. Nc5 Ne2+ 58. Kd2 Nf4 59. Ke3 Nd5+ 60. Kf2 Kd4 61. Ne6+ Ke5 62. Nc5 Ne7 63. Ke3 Nf5+ 64. Kf2 Kd5 65. Nd7 Kd4 66. Nf6 Kd3 67. Ng4 Kd2 68. Kf1 e3 69. Nxe3 Kxe3 70. Kg2 Ke2 71. Kg1 Kf3 72. Kh2 Kf2 73. Kh1 Kg3 74. Kg1 Kxh3 75. Kh1 Kg3 76. Kg1 Nh6 77. Kh1 Ng4 78. Kg1 h3 79. Kh1 Nf2+ 0-1

[Event "CRO Cup"]
[Site "Mali Losinj"]
[Date "2017.05.12"]
[Round "4.12"]
[White "Muraja, Zeljko"]
[Black "Saric, Branko"]
[Result "0-1"]
[WhiteElo "1752"]
[BlackElo "1879"]
[PlyCount "120"]
[EventDate "2017.05.10"]
[EventType "team-swiss"]
[EventRounds "6"]
[EventCountry "CRO"]
[SourceTitle "CBM 178 Extra"]
[Source "ChessBase"]
[SourceDate "2017.06.22"]
[SourceVersion "1"]
[SourceVersionDate "2017.06.22"]
[SourceQuality "1"]
[WhiteTeam "Nova Gradiska Strmac"]
[BlackTeam "Omis"]
[WhiteTeamCountry "CRO"]
[BlackTeamCountry "CRO"]

1. d4 g6 2. c4 Bg7 3. Nc3 Nf6 4. g3 0-0 5. Bg2 c6 6. Nf3 d5 7. cxd5 cxd5 8. 0-0 Nc6 9. a3 Ne4 10. Re1 Nxc3 11. bxc3 Bg4 12. e4 e5 13. exd5 Qxd5 14. Nxe5 Bxd1 15. Bxd5 Ba4 16. Nxc6 bxc6 17. Ba2 c5 18. Be3 Rad8 19. Rab1 cxd4 20. cxd4 Bxd4 21. Bh6 Rfe8 22. Rxe8+ Bxe8 23. Re1 Bc5 24. Be3 Bxe3 25. Rxe3 Rd1+ 26. Kg2 Bc6+ 27. Kh3 Rd2 28. Bc4 Rxf2 29. g4 Rf4 30. Be2 Kg7 31. Kg3 g5 32. Rc3 Rf6 33. Rc5 h6 34. Rc3 Bd5 35. Rc5 Rd6 36. Ra5 Rd7 37. Kf2 Be6 38. Kg3 Rb7 39. Kf2 Kf6 40. Ra6 Ke5 41. Ra4 Re7 42. Ke3 Kf6 43. Ra6 Kg7 44. Kf2 Ba2 45. Bd3 Be6 46. Be2 Rb7 47. Ra5 Kf8 48. Kg3 Rb3+ 49. Bf3 f6 50. Kf2 h5 51. h3 Rb2+ 52. Ke3 Rh2 53. gxh5 Rxh3 54. Kf2 g4 55. Bg2 Rb3 56. h6 g3+ 57. Ke2 Bc4+ 58. Kd1 Rb2 59. Ra4 Bd3 60. h7 Bxh7 0-1